La investigación forestal en la argentina /

Guardado en:
Autor Principal: Cozzo, Domingo
Formato: Libro
Publicado: Buenos Aires : Orientación Gr fica Editora, 1987
Materias:
Etiquetas: Agregar Etiqueta
Sin Etiquetas, Sea el primero en etiquetar este registro!
LEADER 00541nam a22001815a 4500
001 CEM.cems016747
005 20121012094613.0
008 130507s1987##################000#0#####d
003 CEMS
082 0 4 |a 634.9 
100 1 |a Cozzo, Domingo 
245 1 0 |a La investigación forestal en la argentina /  |c Domingo Cozzo, 
260 |a Buenos Aires :  |b Orientación Gr fica Editora,  |c 1987 
300 |a 188 p. 
653 |a Forestacion 
653 |a Arboles forestales 
653 |a Silvicultura 
859 |a CEMS  |b BIB. CEMS - Agricultura  |h 634.9  |i C839  |p A0254.00  |t Ej.1